[Event "Irish Championship 2019"]
[Site "Dublin IRL"]
[Date "2019.08.06"]
[Round "4.12"]
[White "McCarthy, Tim"]
[Black "Li, Henry"]
[Result "0-1"]
[BlackTitle "FM"]
[WhiteElo "2018"]
[BlackElo "2287"]
[WhiteICU "1964"]
[BlackICU "2248"]
[WhiteClub "St. Benildus"]
[BlackClub "Gonzaga"]
[WhiteNationality "IRL"]
[BlackNationality "IRL"]
[WhiteFideId "2500710"]
[BlackFideId "2508524"]
[PlyCount "80"]
[Venue "Talbot Hotel, Stillorgan"]
[EventDate "2019.08.03"]

{ Event information: <a
href="http://www.irlchess.com/pairings_irlch2019.html">Tournament
report</a>. }

1. d4 Nf6 2. c4 g6 3. Nc3 Bg7 4. e4 O-O 5. Nf3 d6 6. Be2 Na6 7. O-O e5 8.
Be3 Ng4 9. Bg5 Qe8 10. d5 f6 11. Bd2 f5 12. Ng5 Nf6 13. f4 h6 14. exf5 gxf5
15. fxe5 dxe5 16. Nf3 Qe7 17. Nh4 Ne4 18. Nxe4 Qxh4 19. Ng3 Nc5 20. Bb4 Qe7
21. Nh5 a5 22. Ba3 Bh8 23. Qd2 f4 24. Bf3 Bf5 25. Rae1 Qd6 26. Kh1 b6 27.
Qd1 Rae8 28. Be4 Qg6 29. Bxf5 Rxf5 30. g4 Rff8 31. d6 Qxd6 32. Qc2 Qc6+ 33.
Kg1 Rd8 34. h3 Rd3 35. Kh2 e4 36. Bxc5 bxc5 37. Qg2 f3 38. Qf2 Qd6+ 39. Kh1
Rd2 40. Qg1 f2 0-1

[Event "Irish Championship 2019"]
[Site "Dublin IRL"]
[Date "2019.08.06"]
[Round "4.13"]
[White "O'Gorman, Tom"]
[Black "Kennedy, John P. A."]
[Result "1-0"]
[WhiteTitle "FM"]
[WhiteElo "2229"]
[BlackElo "2050"]
[WhiteICU "2208"]
[BlackICU "1981"]
[WhiteClub "Dun Laoghaire"]
[BlackClub "Dublin"]
[WhiteNationality "IRL"]
[BlackNationality "IRL"]
[WhiteFideId "2508249"]
[BlackFideId "2501120"]
[PlyCount "83"]
[Venue "Talbot Hotel, Stillorgan"]
[EventDate "2019.08.03"]

{ Event information: <a
href="http://www.irlchess.com/pairings_irlch2019.html">Tournament
report</a>. }

1. e4 c5 2. Nf3 d6 3. d4 cxd4 4. Nxd4 Nf6 5. Nc3 a6 6. Bg5 e6 7. f4 Be7 8.
Qf3 Qc7 9. O-O-O Nbd7 10. g4 h6 11. Bxf6 Bxf6 12. h4 g5 13. e5 dxe5 14.
Nxe6 fxe6 15. fxg5 hxg5 16. Ne4 Rf8 17. Rxd7 Bxd7 18. Nxf6+ Ke7 19. hxg5
Qa5 20. Rh7+ Rf7 21. Rxf7+ Kxf7 22. Nxd7+ Ke7 23. Nf6 Rd8 24. Qa3+ Qxa3 25.
bxa3 Rd4 26. Bd3 Rf4 27. Be4 b6 28. Kb2 Rf2 29. Nh5 Re2 30. Bh7 Rg2 31. g6
Rxg4 32. g7 e4 33. g8=Q Rxg8 34. Bxg8 Kd6 35. Kc3 Ke5 36. Kd2 b5 37. Ke3 a5
38. Ng3 b4 39. Nxe4 bxa3 40. c4 a4 41. Bf7 Kf5 42. c5 1-0

[Event "Irish Championship 2019"]
[Site "Dublin IRL"]
[Date "2019.08.06"]
[Round "4.14"]
[White "Mirza, Diana"]
[Black "O'Connell, Gerard"]
[Result "1/2-1/2"]
[WhiteTitle "WFM"]
[WhiteElo "1973"]
[BlackElo "2106"]
[WhiteICU "1986"]
[BlackICU "2052"]
[WhiteClub "St. Michaels"]
[BlackClub "St. Benildus"]
[WhiteNationality "IRL"]
[BlackNationality "IRL"]
[WhiteFideId "2503999"]
[BlackFideId "2500493"]
[PlyCount "76"]
[Venue "Talbot Hotel, Stillorgan"]
[EventDate "2019.08.03"]

{ Event information: <a
href="http://www.irlchess.com/pairings_irlch2019.html">Tournament
report</a>. }

1. e4 c5 2. Nf3 d6 3. d4 cxd4 4. Nxd4 Nf6 5. Nc3 g6 6. Be3 Bg7 7. f3 Nc6 8.
Qd2 O-O 9. g4 Bd7 10. Be2 Rc8 11. O-O-O Ne5 12. h4 Nc4 13. Bxc4 Rxc4 14. h5
Qa5 15. hxg6 fxg6 16. Kb1 Rfc8 17. Nd5 Qxd2 18. Nxf6+ Bxf6 19. Rxd2 b5 20.
Nb3 a6 21. Rdh2 Be8 22. c3 h5 23. gxh5 gxh5 24. Rg1+ Kh7 25. Nd2 R4c6 26.
Nf1 Bf7 27. Ng3 Rg8 28. Nxh5 Rxg1+ 29. Bxg1 Bxh5 30. Rxh5+ Kg6 31. Rd5 Rc8
32. Bd4 Bxd4 33. Rxd4 Rf8 34. a4 Rxf3 35. axb5 axb5 36. Rb4 Kf6 37. Kc2 Ke5
38. Kd2 Rh3 1/2-1/2

[Event "Irish Championship 2019"]
[Site "Dublin IRL"]
[Date "2019.08.06"]
[Round "4.15"]
[White "Haque, Mustakim-Ul"]
[Black "Melaugh, Shane"]
[Result "0-1"]
[WhiteElo "1947"]
[BlackElo "2077"]
[WhiteICU "1918"]
[BlackICU "2108"]
[WhiteClub "Rathmines"]
[BlackClub "Elm Mount"]
[WhiteNationality "IRL"]
[BlackNationality "IRL"]
[WhiteFideId "2509334"]
[BlackFideId "2509580"]
[PlyCount "84"]
[Venue "Talbot Hotel, Stillorgan"]
[EventDate "2019.08.03"]

{ Event information: <a
href="http://www.irlchess.com/pairings_irlch2019.html">Tournament
report</a>. }

1. c4 e5 2. Nc3 Nf6 3. Nf3 Nc6 4. e4 Bc5 5. Nxe5 Nxe5 6. d4 Bb4 7. dxe5
Nxe4 8. Qf3 Nxc3 9. bxc3 Ba5 10. Ba3 Qg5 11. Rc1 Qxe5+ 12. Be2 d6 13. O-O
O-O 14. Rfd1 Be6 15. Bd3 Rab8 16. Re1 Qg5 17. Rb1 Qg4 18. Qxg4 Bxg4 19. c5
dxc5 20. Bxc5 Rfd8 21. Bc4 b6 22. Bd4 c5 23. Be5 Rb7 24. Re3 Re7 25. f4 Be6
26. Rg3 Bxc4 27. Rxg7+ Kf8 28. Rxh7 Re6 29. Bg7+ Ke7 30. f5 Bd3 31. Rf1
Bxf1 32. fxe6 Rd1 33. Kf2 Kxe6 34. h4 Bd3 35. Rh6+ Kd5 36. Ke3 Kc4 37. h5
Bxc3 38. Bxc3 Kxc3 39. Rh8 c4 40. g4 Kb2 41. g5 c3 42. h6 c2 0-1

[Event "Irish Championship 2019"]
[Site "Dublin IRL"]
[Date "2019.08.06"]
[Round "4.16"]
[White "Carroll, Peter"]
[Black "Fox, Anthony"]
[Result "1/2-1/2"]
[WhiteElo "2062"]
[BlackElo "2020"]
[WhiteICU "2035"]
[BlackICU "1982"]
[WhiteClub "Gonzaga"]
[BlackClub "Dun Laoghaire"]
[WhiteNationality "IRL"]
[BlackNationality "IRL"]
[WhiteFideId "2510243"]
[BlackFideId "2500736"]
[PlyCount "69"]
[Venue "Talbot Hotel, Stillorgan"]
[EventDate "2019.08.03"]

{ Event information: <a
href="http://www.irlchess.com/pairings_irlch2019.html">Tournament
report</a>. }

1. e4 e5 2. Nf3 Nc6 3. d4 exd4 4. Nxd4 Nf6 5. Nxc6 bxc6 6. e5 Qe7 7. Qe2
Nd5 8. h4 d6 9. c4 Nb6 10. exd6 Qxe2+ 11. Bxe2 Bxd6 12. Nc3 O-O 13. Be3 Bb4
14. O-O Bxc3 15. bxc3 Be6 16. c5 Nd5 17. Bd4 Rab8 18. Bf3 Rfe8 19. Rab1 Bf5
20. Rb3 Bd3 21. Rxb8 Rxb8 22. Re1 Rb1 23. Rxb1 Bxb1 24. a3 Bd3 25. Bd1 f6
26. Ba4 Ne7 27. f3 Bc4 28. Bc2 h6 29. Kf2 Kf7 30. Be4 Ke6 31. g4 g6 32. Bc2
h5 33. Kg3 a6 34. Bd1 Kf7 35. Bc2 1/2-1/2

[Event "Irish Championship 2019"]
[Site "Dublin IRL"]
[Date "2019.08.06"]
[Round "4.17"]
[White "Flynn, Jacob"]
[Black "Byrne, Alex"]
[Result "0-1"]
[WhiteElo "1973"]
[BlackElo "1963"]
[WhiteICU "2028"]
[BlackICU "1905"]
[WhiteClub "Malahide"]
[BlackClub "St. Benildus"]
[WhiteNationality "IRL"]
[BlackNationality "IRL"]
[WhiteFideId "2509393"]
[BlackFideId "2508788"]
[PlyCount "138"]
[Venue "Talbot Hotel, Stillorgan"]
[EventDate "2019.08.03"]

{ Event information: <a
href="http://www.irlchess.com/pairings_irlch2019.html">Tournament
report</a>. }

1. d4 Nf6 2. c4 e6 3. Nf3 b6 4. g3 Bb7 5. Bg2 Bb4+ 6. Bd2 Qe7 7. O-O Ne4 8.
Bf4 d5 9. Qa4+ Kf8 10. cxd5 Bxd5 11. Bxc7 Bc6 12. Qb3 Bd5 13. Qc2 Nc6 14.
Bf4 g5 15. Be3 Rc8 16. Nfd2 Nxd2 17. Nxd2 Bxg2 18. Kxg2 Qb7 19. f3 Be7 20.
Rac1 Kg7 21. Qe4 Qd7 22. a3 f5 23. Qd3 Bf6 24. Nb3 h5 25. Bf2 h4 26. gxh4
Ne7 27. hxg5 Bxg5 28. Rxc8 Qxc8 29. e3 Nd5 30. Kh1 Qb8 31. f4 Qa8 32. Kg1
Rh3 33. Bg3 Bh4 34. Rf3 Nf6 35. Qf1 Ng4 36. Nd2 Bxg3 37. Qxh3 Bxh2+ 38. Kh1
Nf2+ 39. Kxh2 Nxh3 40. Kxh3 Kf6 41. Kg3 Qc6 42. Nf1 Qc1 43. Rf2 Ke7 44. Kg2
Qe1 45. Rd2 Kd6 46. Rc2 Kd5 47. Kg1 Ke4 48. Rd2 Kf3 49. Rg2 b5 50. Rh2 a5
51. Rg2 Ke4 52. Rd2 Kd5 53. Rc2 Qb1 54. Rd2 Kc4 55. Kf2 Kb3 56. Re2 Qc1 57.
Rd2 a4 58. Ke2 b4 59. axb4 Kxb4 60. Nh2 Qh1 61. Nf1 Kb3 62. Ke1 Ka2 63. Ke2
Kb1 64. Ke1 Kc1 65. Re2 Qh4+ 66. Rf2 Kb1 67. Nd2+ Kxb2 68. Nf3+ Qxf2+ 69.
Kxf2 a3 0-1

[Event "Irish Championship 2019"]
[Site "Dublin IRL"]
[Date "2019.08.06"]
[Round "4.18"]
[White "O'Gorman, Alice"]
[Black "Moran, Darragh"]
[Result "0-1"]
[WhiteElo "1966"]
[BlackElo "1847"]
[WhiteICU "1869"]
[BlackICU "1828"]
[WhiteClub "T.C.D."]
[BlackClub "Gonzaga"]
[WhiteNationality "IRL"]
[BlackNationality "IRL"]
[WhiteFideId "2508214"]
[BlackFideId "2510294"]
[PlyCount "78"]
[Venue "Talbot Hotel, Stillorgan"]
[EventDate "2019.08.03"]

{ Event information: <a
href="http://www.irlchess.com/pairings_irlch2019.html">Tournament
report</a>. }

1. e4 e6 2. d4 d5 3. exd5 exd5 4. Bd3 Nf6 5. Nf3 c5 6. dxc5 Bxc5 7. O-O O-O
8. Nc3 h6 9. h3 Nc6 10. a3 a6 11. b4 Ba7 12. Bb2 Qd6 13. Ne2 Rd8 14. Ned4
Bd7 15. Nf5 Bxf5 16. Bxf5 Ne4 17. Bxe4 dxe4 18. Qxd6 Rxd6 19. Ne5 Rd2 20.
Nxc6 bxc6 21. Rac1 Rad8 22. Be5 R8d5 23. Bf4 Re2 24. c4 Rd3 25. c5 Rxa3 26.
Ra1 Raa2 27. Rfd1 a5 28. Rxa2 Rxa2 29. b5 cxb5 30. c6 Bxf2+ 31. Kf1 Bb6 32.
c7 Rf2+ 33. Ke1 Bxc7 34. Bxc7 Ra2 35. Rd5 Rxg2 36. Bxa5 Rh2 37. Rh5 Kh7 38.
Bd2 $4 (38. Re5 $10) 38... Rxd2 $1 39. Kxd2 g5 0-1

[Event "Irish Championship 2019"]
[Site "Dublin IRL"]
[Date "2019.08.06"]
[Round "4.19"]
[White "Lyons, Brendan"]
[Black "Cafolla, Peter"]
[Result "1-0"]
[WhiteElo "1967"]
[BlackElo "1975"]
[WhiteICU "1898"]
[BlackICU "1959"]
[WhiteClub "St. Benildus"]
[BlackClub "Rathmines"]
[WhiteNationality "IRL"]
[BlackNationality "IRL"]
[WhiteFideId "2500698"]
[BlackFideId "2500884"]
[PlyCount "59"]
[Venue "Talbot Hotel, Stillorgan"]
[EventDate "2019.08.03"]

{ Event information: <a
href="http://www.irlchess.com/pairings_irlch2019.html">Tournament
report</a>. }

1. e4 c5 2. Nf3 Nc6 3. d3 Nf6 4. Nbd2 d5 5. g3 e5 6. Bg2 d4 7. O-O Be7 8.
Nc4 Qc7 9. a4 b6 10. Nh4 Bg4 11. f3 Be6 12. Nf5 Bxf5 13. exf5 h5 14. f4
O-O-O 15. fxe5 Nd5 16. Qf3 Nxe5 17. Nxe5 Qxe5 18. Bd2 Bf6 19. c4 dxc3 20.
bxc3 Qc7 21. d4 h4 22. g4 g5 23. fxg6 fxg6 24. Rae1 Rhf8 25. Qe4 Qd6 26. g5
Bg7 27. Rxf8 Bxf8 28. c4 Bg7 29. cxd5 Bxd4+ 30. Kh1 1-0

[Event "Irish Championship 2019"]
[Site "Dublin IRL"]
[Date "2019.08.07"]
[Round "5.1"]
[White "O'Donnell, Conor"]
[Black "Lopez, Alex"]
[Result "1/2-1/2"]
[WhiteTitle "FM"]
[BlackTitle "IM"]
[WhiteElo "2311"]
[BlackElo "2431"]
[WhiteICU "2298"]
[BlackICU "2444"]
[WhiteClub "Gonzaga"]
[BlackClub "Cork"]
[WhiteNationality "IRL"]
[BlackNationality "IRL"]
[WhiteFideId "2504243"]
[BlackFideId "2501430"]
[PlyCount "25"]
[Venue "Talbot Hotel, Stillorgan"]
[EventDate "2019.08.03"]

{ Event information: <a
href="http://www.irlchess.com/pairings_irlch2019.html">Tournament
report</a>. }

1. c4 e5 2. Nc3 Nf6 3. Nf3 Nc6 4. e4 Bc5 5. Nxe5 Nxe5 6. d4 Bb4 7. dxe5
Nxe4 8. Qf3 d5 9. Be2 Qe7 10. O-O Bxc3 11. bxc3 O-O 12. cxd5 Qxe5 13. Bc4
1/2-1/2

[Event "Irish Championship 2019"]
[Site "Dublin IRL"]
[Date "2019.08.07"]
[Round "5.2"]
[White "Brady, Stephen"]
[Black "Moran, Stephen"]
[Result "1/2-1/2"]
[WhiteTitle "FM"]
[WhiteElo "2282"]
[BlackElo "2186"]
[WhiteICU "2261"]
[BlackICU "2151"]
[WhiteClub "St. Benildus"]
[BlackClub "T.C.D."]
[WhiteNationality "IRL"]
[BlackNationality "IRL"]
[WhiteFideId "2500124"]
[BlackFideId "2501872"]
[PlyCount "78"]
[Venue "Talbot Hotel, Stillorgan"]
[EventDate "2019.08.03"]

{ Event information: <a
href="http://www.irlchess.com/pairings_irlch2019.html">Tournament
report</a>. }

1. e4 c5 2. c3 Nf6 3. e5 Nd5 4. Nf3 d6 5. d4 cxd4 6. Qxd4 e6 7. Na3 Bd7 8.
Nc4 Nc6 9. Qg4 dxe5 10. Nfxe5 Qc7 11. Nxd7 Qxd7 12. Be2 g6 13. O-O Bg7 14.
Bg5 O-O 15. Rad1 Qc7 16. Ne3 Nxe3 17. Bxe3 Rad8 18. h3 Rxd1 19. Rxd1 Rd8
20. Qa4 Rxd1+ 21. Qxd1 a6 22. a4 Bf6 23. Qb3 Kg7 24. Bf3 Be5 25. Kf1 Qd7
26. Ke2 Bf6 27. Be4 Na5 28. Qb4 Nc6 29. Qb6 Nd8 30. Qb3 Nc6 31. Bc5 h5 32.
Qd1 Qxd1+ 33. Kxd1 Be5 34. Kc2 f5 35. Bf3 Kf7 36. b4 Bc7 37. c4 b6 38. Bxc6
bxc5 39. bxc5 Bb6 1/2-1/2

[Event "Irish Championship 2019"]
[Site "Dublin IRL"]
[Date "2019.08.07"]
[Round "5.3"]
[White "Kanyamarala, Tarun"]
[Black "Collins, Sam"]
[Result "1/2-1/2"]
[BlackTitle "IM"]
[WhiteElo "2142"]
[BlackElo "2448"]
[WhiteICU "2110"]
[BlackICU "2422"]
[BlackClub "Gonzaga"]
[WhiteNationality "IRL"]
[BlackNationality "IRL"]
[WhiteFideId "45004714"]
[BlackFideId "2501198"]
[PlyCount "281"]
[Venue "Talbot Hotel, Stillorgan"]
[EventDate "2019.08.03"]

{ Event information: <a
href="http://www.irlchess.com/pairings_irlch2019.html">Tournament
report</a>. }

1. d4 d5 2. c4 e6 3. Nc3 a6 4. cxd5 exd5 5. Nf3 Nf6 6. Qb3 c6 7. Bg5 Be7 8.
e3 O-O 9. Be2 Ne4 10. Bxe7 Qxe7 11. O-O Bg4 12. Rfd1 Re8 13. Rac1 Nd6 14.
Na4 Nd7 15. Rd3 Bf5 16. Rdd1 Bg4 17. Rd3 h5 18. Qd1 h4 19. h3 Bxf3 20. Bxf3
Qg5 21. Nc5 Nf6 22. Rb3 Re7 23. Rb6 Rae8 24. Rc3 Nd7 25. Rxb7 Nxb7 26. Nxb7
Rb8 27. Na5 Rxb2 28. Nxc6 Re6 29. a3 Qf5 30. Nb4 Rb1 31. Rc1 Rxc1 32. Qxc1
Nf6 33. Qc8+ Kh7 34. Nxa6 Qb1+ 35. Kh2 Qf1 36. Qc2+ g6 37. Nb4 Ne4 38. Qe2
Qxf2 39. Qxf2 Nxf2 40. Nxd5 Ra6 41. g3 hxg3+ 42. Kxg3 Nd3 43. h4 Kh6 44. h5
gxh5 45. Kh4 Ne1 46. Bxh5 Ng2+ 47. Kg3 Nxe3 48. Bxf7 Nf5+ 49. Kf4 Nxd4 50.
Ke4 Nb5 51. Kf4 Kg7 52. Bh5 Rxa3 53. Bf3 Nd4 54. Be4 Ne6+ 55. Ke5 Ng5 56.
Bf5 Nf7+ 57. Kd4 Ra4+ 58. Ke3 Nd6 59. Bd3 Kf7 60. Nc3 Rb4 61. Nd5 Rh4 62.
Nc3 Ke6 63. Nb5 Nf7 64. Nd4+ Kd5 65. Nf3 Ra4 66. Nd2 Ra3 67. Nb1 Rb3 68.
Nd2 Rc3 69. Nb1 Rc8 70. Be4+ Ke5 71. Nd2 Rc3+ 72. Bd3 Nd6 73. Nf3+ Kd5 74.
Kd2 Ra3 75. Ne1 Nf7 76. Nc2 Ra7 77. Kc3 Ne5 78. Ne3+ Kc5 79. Nc4 Nc6 80.
Nd2 Ne5 81. Be4 Ra3+ 82. Nb3+ Kd6 83. Kb4 Ra2 84. Nd4 Rb2+ 85. Kc3 Rb8 86.
Nb3 Nd7 87. Nd4 Rc8+ 88. Kd3 Nc5+ 89. Ke3 Re8 90. Nb5+ Ke5 91. Bc6 Re6 92.
Nd4 Rd6 93. Nf3+ Kf6 94. Bb5 Rb6 95. Bc4 Ne6 96. Bxe6 Kxe6 97. Ke4 Rb4+ 98.
Nd4+ Kd6 99. Ke3 Kd5 100. Nf3 Re4+ 101. Kd3 Re8 102. Nd2 Re7 103. Nf3 Re4
104. Nd2 Ra4 105. Ke3 Ra3+ 106. Kf4 Ra1 107. Ke3 Ra2 108. Nf3 Rg2 109. Kd3
Rf2 110. Ke3 Ra2 111. Kf4 Ra3 112. Kg4 Ke4 113. Ng5+ Ke3 114. Kf5 Ra4 115.
Ke5 Ra5+ 116. Kf6 Kf4 117. Ne6+ Kg4 118. Kg6 Ra6 119. Kf6 Rb6 120. Ke5 Rb5+
121. Ke4 Rb1 122. Nd4 Re1+ 123. Kd5 Kf4 124. Ne6+ Kf5 125. Nd4+ Kf6 126.
Kd6 Re5 127. Nc6 Rh5 128. Nd4 Rg5 129. Nc6 Kf5 130. Ne7+ Ke4 131. Ke6 Re5+
132. Kd6 Rh5 133. Nc6 Rd5+ 134. Ke6 Rd1 135. Ne7 Kd4 136. Nf5+ Kc5 137. Ke5
Re1+ 138. Kf4 Kd5 139. Ne3+ Ke6 140. Ke4 Rxe3+ 141. Kxe3 1/2-1/2

[Event "Irish Championship 2019"]
[Site "Dublin IRL"]
[Date "2019.08.07"]
[Round "5.4"]
[White "Kanyamarala, Trisha"]
[Black "Fitzsimons, David"]
[Result "0-1"]
[BlackTitle "IM"]
[WhiteElo "2238"]
[BlackElo "2317"]
[WhiteICU "1990"]
[BlackICU "2348"]
[BlackClub "Elm Mount"]
[WhiteNationality "IRL"]
[BlackNationality "IRL"]
[WhiteFideId "45004722"]
[BlackFideId "2501961"]
[PlyCount "122"]
[Venue "Talbot Hotel, Stillorgan"]
[EventDate "2019.08.03"]

{ Event information: <a
href="http://www.irlchess.com/pairings_irlch2019.html">Tournament
report</a>. }

1. d4 g6 2. c4 Bg7 3. g3 c5 4. d5 Nf6 5. Nc3 d6 6. Bg2 O-O 7. Nf3 Na6 8.
O-O Nc7 9. a4 e6 10. e4 exd5 11. cxd5 Re8 12. Nd2 b6 13. h3 Ba6 14. Re1 Qe7
15. Nf3 Nd7 16. Bg5 Qf8 17. Bf4 Rad8 18. Qc2 c4 19. Red1 Nc5 20. Nd2 Nd3
21. Be3 f5 22. b3 Nb4 23. Qc1 Qf6 24. Ndb1 Nd3 25. Qd2 Nc5 26. Bxc5 bxc5
27. Ra3 Rb8 28. bxc4 Bxc4 29. Qf4 Bb3 30. Rd2 Rb4 31. Qe3 Bxd5 32. e5 Rxe5
33. Nxd5 Rxb1+ 34. Kh2 Nxd5 35. Bxd5+ Kh8 36. Qd3 Ree1 37. Bg2 Bf8 38. Qf3
c4 39. Qc3 Qxc3 40. Rxc3 Rec1 41. Rdc2 Rxc2 42. Rxc2 Rb4 43. Bd5 Rxa4 44.
Bxc4 Be7 45. Kg2 Kg7 46. Kf3 Bd8 47. Bd5 Bb6 48. Ke2 Kf6 49. Bc6 Rd4 50.
Bb5 Rb4 51. Bc4 a5 52. Kd3 Bc5 53. Kc3 a4 54. f4 Rb7 55. Ra2 a3 56. g4 Re7
57. gxf5 Kxf5 58. Bd3+ Kxf4 59. Kc4 Kg3 60. Bf1 Re1 61. Bg2 Rg1 0-1

[Event "Irish Championship 2019"]
[Site "Dublin IRL"]
[Date "2019.08.07"]
[Round "5.5"]
[White "Baburin, Alexander"]
[Black "Delaney, Killian"]
[Result "1-0"]
[WhiteTitle "GM"]
[WhiteElo "2432"]
[BlackElo "2247"]
[WhiteICU "2396"]
[BlackICU "2214"]
[WhiteClub "Kilkenny"]
[BlackClub "Gonzaga"]
[WhiteNationality "IRL"]
[BlackNationality "IRL"]
[WhiteFideId "2500914"]
[BlackFideId "2501570"]
[PlyCount "141"]
[Venue "Talbot Hotel, Stillorgan"]
[EventDate "2019.08.03"]

{ Event information: <a
href="http://www.irlchess.com/pairings_irlch2019.html">Tournament
report</a>. }

1. d4 Nf6 2. Nf3 g6 3. g3 Bg7 4. Bg2 O-O 5. O-O d6 6. c4 Nc6 7. Nc3 e5 8.
dxe5 dxe5 9. Qxd8 Rxd8 10. Bg5 Be6 11. Nd2 h6 12. Bxf6 Bxf6 13. Nde4 Be7
14. Nd5 Bxd5 15. cxd5 Nb4 16. Nc3 c6 17. dxc6 Nxc6 18. Rfd1 f5 19. Nd5 Kf7
20. Nxe7 Kxe7 21. Bxc6 Rxd1+ 22. Rxd1 bxc6 23. e3 Rb8 24. Rd2 Rb5 25. h4 g5
26. hxg5 hxg5 27. g4 fxg4 28. Kg2 Rb4 29. Kg3 a5 30. Rc2 Kd6 31. a3 Ra4 32.
Rd2+ Kc7 33. Re2 Re4 34. Rc2 Ra4 35. Rc1 Kb6 36. Rh1 Re4 37. Rh5 Kb5 38.
Rxg5 Kc4 39. Rxg4 Rxg4+ 40. Kxg4 Kb3 41. f4 exf4 42. exf4 Kxb2 43. f5 c5
44. f6 c4 45. f7 c3 46. f8=Q c2 47. Qf6+ Kb1 48. Qb6+ Ka1 49. Qc5 a4 50.
Kf3 Kb1 51. Qb4+ Ka2 52. Qc4+ Kb2 53. Qxa4 c1=Q 54. Qb4+ Ka2 55. a4 Qh1+
56. Kg3 Qg1+ 57. Kh4 Qh2+ 58. Kg5 Qe5+ 59. Kg6 Qe6+ 60. Kg7 Qe5+ 61. Kf7
Qc7+ 62. Ke6 Qc6+ 63. Ke5 Qe8+ 64. Kf4 Qf7+ 65. Ke3 Qe6+ 66. Qe4 Qb6+ 67.
Qd4 Qh6+ 68. Kd3 Ka3 69. a5 Qa6+ 70. Kc2 Qxa5 $4 (70... Qe2+ $10) 71. Qb2+
1-0

[Event "Irish Championship 2019"]
[Site "Dublin IRL"]
[Date "2019.08.07"]
[Round "5.6"]
[White "Murphy, Conor E."]
[Black "O'Connor, Jonathan"]
[Result "1-0"]
[WhiteTitle "FM"]
[WhiteElo "2315"]
[BlackElo "2165"]
[WhiteICU "2354"]
[BlackICU "2099"]
[WhiteClub "Charlton ENG"]
[BlackClub "Dublin"]
[WhiteNationality "IRL"]
[BlackNationality "IRL"]
[WhiteFideId "421669"]
[BlackFideId "2501112"]
[PlyCount "65"]
[Venue "Talbot Hotel, Stillorgan"]
[EventDate "2019.08.03"]

{ Event information: <a
href="http://www.irlchess.com/pairings_irlch2019.html">Tournament
report</a>. }

1. d4 Nf6 2. c4 e6 3. Nc3 Bb4 4. Qc2 b6 5. e4 c5 6. d5 Qe7 7. Be2 exd5 8.
exd5 O-O 9. Nf3 Qe4 10. Qd2 Ba6 11. Nxe4 Nxe4 12. Qxb4 cxb4 13. Nd4 b5 14.
f3 Nf6 15. cxb5 Bb7 16. d6 a6 17. Kf2 axb5 18. Bd2 Nd5 19. Rhc1 Nc6 20.
Nxb5 Ra5 21. b3 Re8 22. a4 h6 23. Bc4 Ne5 24. Bf1 f5 25. Re1 Kf8 26. Rac1
f4 27. Nc7 Nxc7 28. Bxb4 Rxa4 29. bxa4 Nd5 30. Bc3 Ne3 31. Bd4 Nf7 32. Bxe3
fxe3+ 33. Rxe3 1-0

[Event "Irish Championship 2019"]
[Site "Dublin IRL"]
[Date "2019.08.07"]
[Round "5.7"]
[White "Melaugh, Gavin"]
[Black "Ryan, Joe"]
[Result "0-1"]
[BlackTitle "FM"]
[WhiteElo "2025"]
[BlackElo "2268"]
[WhiteICU "2102"]
[BlackICU "2281"]
[WhiteClub "T.C.D."]
[WhiteNationality "IRL"]
[BlackNationality "IRL"]
[WhiteFideId "2509571"]
[BlackFideId "2500426"]
[PlyCount "52"]
[Venue "Talbot Hotel, Stillorgan"]
[EventDate "2019.08.03"]

{ Event information: <a
href="http://www.irlchess.com/pairings_irlch2019.html">Tournament
report</a>. }

1. c4 b6 2. Nc3 e6 3. d4 Bb4 4. e4 Bb7 5. Bd3 f5 6. Qh5+ g6 7. Qe2 Nf6 8.
f3 Nc6 9. Be3 Qe7 10. Nh3 e5 11. d5 Nd4 12. Qd1 Bc5 13. a3 a5 14. Bxd4 exd4
15. Nb5 O-O 16. O-O fxe4 17. Re1 c6 18. dxc6 dxc6 19. Bxe4 Nxe4 20. Rxe4
Qg7 21. Nxd4 Rad8 22. Kh1 Rxd4 23. Qe2 Rxe4 24. Qxe4 Qxb2 25. Rd1 Qf6 26.
f4 Bc8 0-1